[Event "Ostersund Hurtigfeiden op"]
[Site "Ostersund"]
[Date "2018.08.26"]
[Round "4"]
[White "Hanning, Jan"]
[Black "Modell, Brage"]
[Result "0-1"]
[WhiteElo "1504"]
[BlackElo "1468"]
[PlyCount "60"]
[EventDate "2018.08.26"]
[EventType "swiss"]
[EventRounds "7"]
[EventCountry "SWE"]
[SourceTitle "CBM 186 Extra"]
[Source "ChessBase"]
[SourceDate "2018.08.24"]
[SourceVersion "1"]
[SourceVersionDate "2018.08.24"]
[SourceQuality "1"]

1. c4 e6 2. Nf3 b6 3. g3 Bb7 4. Bg2 Nf6 5. 0-0 d5 6. Ne5 Bd6 7. f4 0-0 8. d4 Ne4 9. Nc3 Nxc3 10. bxc3 f6 11. Ng4 Nd7 12. e3 Qc8 13. Qe2 Ba6 14. Re1 Bxc4 15. Qd2 c6 16. Bh3 Qe8 17. e4 Qh5 18. Kg2 dxe4 19. Rxe4 Bd5 20. Qe3 Bxe4+ 21. Qxe4 f5 22. Qxe6+ Qf7 23. Nh6+ gxh6 24. Qxd6 Rae8 25. Ba3 Re6 26. Qc7 Rfe8 27. c4 Re2+ 28. Kg1 Qxc4 29. Qxd7 Re1+ 30. Bf1 Qxf1# 0-1